Statistics for Countries Closest to the World's Island Countries

Click here to take the quiz!

General Stats

  • This quiz has been taken 1,192 times
  • The average score is 24 of 40

Answer Stats

Island CountryNearest Country% Correct
BahrainSaudi Arabia
91%
CyprusTurkey
90%
BahamasUnited States
90%
AustraliaPapua New Guinea
87%
JapanRussia
85%
MaltaItaly
84%
IcelandUnited Kingdom
83%
CubaHaiti
81%
Cabo VerdeSenegal
81%
JamaicaCuba
79%
MaldivesIndia
79%
New ZealandAustralia
78%
TaiwanChina
73%
Sri LankaIndia
73%
SingaporeMalaysia
72%
PhilippinesMalaysia
60%
Trinidad and TobagoVenezuela
60%
MadagascarSeychelles
58%
BarbadosSt Lucia
58%
FijiTuvalu
57%
São Tomé and PríncipeEquatorial Guinea
56%
MicronesiaPalau
55%
KiribatiMarshall Islands
54%
GrenadaSt Vincent and the Grenadines
54%
TongaSamoa
52%
Marshall IslandsKiribati
51%
SeychellesMadagascar
51%
SamoaTonga
50%
Antigua and BarbudaFrance (at Guadeloupe)
48%
MauritiusFrance (at Réunion)
47%
Solomon IslandsPapua New Guinea
47%
DominicaFrance (at Guadeloupe)
46%
ComorosFrance (at Mayotte)
45%
TuvaluFiji
42%
St Vincent & the GrenadinesGrenada
41%
NauruKiribati
41%
PalauIndonesia
40%
VanuatuSolomon Islands
40%
St LuciaFrance (at Martinique)
37%
St Kitts and NevisNetherlands
(at St Eustatius)
31%

Score Distribution

Percentile by Number Answered

Percent of People with Each Score

Your Score History

You have not taken this quiz